| 000 | 00741nam a22002417a 4500 | ||
|---|---|---|---|
| 001 | 84572 | ||
| 003 | UA-OsUOA | ||
| 005 | 20210109145522.0 | ||
| 007 | ta | ||
| 008 | 20120605b un ||||| |||| 00| 0 ukr d | ||
| 040 |
_aUA-OsUOA _bukr _cUA-OsUOA _dUA-OsUOA |
||
| 041 | _aukr | ||
| 080 | _a821.161.2 | ||
| 090 |
_a821.161.2 _bС22 |
||
| 100 | _aСацюк О. | ||
| 245 |
_aСмертоносці _bоповідання (на тлі пережитого) |
||
| 260 |
_aБуенос Айрес _bПеремога _c1947 |
||
| 300 | _a145 с. | ||
| 650 | 7 |
_a82 Література. Літературознавство _2UDC |
|
| 942 |
_cBK _2udc |
||
| 955 | _a3 | ||
| 999 |
_c370892 _d370892 |
||